Pražský hrad renesanční : [doučovací hodiny z dějepisu] /

Main Author: Chotěbor, Petr, 1950-
Corporate Author: Správa Pražského hradu
Other Authors: Renčín, Vladimír, 1941-2017
Language: Czech
Published: Praha : Správa Pražského hradu, 2000
Edition: 1. vyd.
Series: Památky stavebních uměleckých slohů
Physical Description: 19 s. : il. ; 30 cm
Book
Saved in:
LEADER 01732nam a2200445 a 4500
001 000550619
003 CZ BrMZK
005 20070111133140.0
007 ta
008 000115s2000 xr c f cze d
015 |a cnb000990765 
020 |a 80-86161-30-7 
035 |a (OCoLC)85011789 
040 |a BOA001  |b cze 
043 |a e-xr---  |b e-xr-pg  |2 czenas 
072 7 |a 821-93  |x Literatura pro děti a mládež (beletrie)  |2 Konspekt  |9 26 
072 7 |a 72  |x Architektura  |2 Konspekt  |9 21 
080 |a 72.03  |2 MRF 
080 |a 72.034.3/.6  |2 MRF 
080 |a (437.311)  |2 MRF 
080 |a (0.062)  |2 MRF 
080 |a (0.053.2)  |2 MRF 
100 1 |a Chotěbor, Petr,  |d 1950-  |7 jn19990216035 
245 1 0 |a Pražský hrad renesanční :  |b [doučovací hodiny z dějepisu] /  |c [text a odborné ilustrace Petr Chotěbor ; kreslené vtipy Vladimír Renčín] 
250 |a 1. vyd. 
260 |a Praha :  |b Správa Pražského hradu,  |c 2000 
300 |a 19 s. :  |b il. ;  |c 30 cm 
490 1 |a Památky stavebních uměleckých slohů ;  |v 3 
650 0 7 |a architektonické slohy  |7 ph135146  |z Česko  |y 15.-16. stol.  |2 czenas 
650 0 7 |a renesanční architektura  |7 ph125120  |z Česko  |y 15.-16. stol.  |2 czenas 
655 7 |a populárně-naučné publikace  |7 fd131864  |2 czenas 
655 7 |a publikace pro děti  |7 fd133156  |2 czenas 
610 2 7 |a Pražský hrad  |7 kn20010710281  |2 czenas 
651 7 |a Praha (Česko)  |7 ge118011  |2 czenas 
700 1 |a Renčín, Vladimír,  |d 1941-2017  |7 jk01102345 
710 2 |a Správa Pražského hradu  |7 kn20010724778 
830 0 |a Památky stavebních uměleckých slohů 
910 |a BOA001  |b 4-1082.600 
990 |a BK 
996 6 |b 2610130257  |c 4-1082.600  |l MZK  |r Sklad / do 1 hodiny  |n 5  |p p.v.  |w 000550619  |u 000010  |a 1  |e BOA001  |j MZK50  |s P